MARC details
| 000 -LEADER |
| fixed length control field |
03370cam a2200673Ii 4500 |
| 001 - CONTROL NUMBER |
| control field |
on1050447851 |
| 003 - CONTROL NUMBER IDENTIFIER |
| control field |
OCoLC |
| 005 - DATE AND TIME OF LATEST TRANSACTION |
| control field |
20200710134348.0 |
| 008 - FIXED-LENGTH DATA ELEMENTS--GENERAL INFORMATION |
| fixed length control field |
180905t20182018mauaf c 000 0aspa d |
| 020 ## - INTERNATIONAL STANDARD BOOK NUMBER |
| International Standard Book Number |
9781328809575 |
| Qualifying information |
(Spanish edition paperback) |
| 020 ## - INTERNATIONAL STANDARD BOOK NUMBER |
| International Standard Book Number |
1328809579 |
| Qualifying information |
(Spanish edition paperback) |
| 037 ## - SOURCE OF ACQUISITION |
| Stock number |
BRO-adap20190510-060 |
| 040 ## - CATALOGING SOURCE |
| Original cataloging agency |
NPL |
| Language of cataloging |
eng |
| Description conventions |
rda |
| Transcribing agency |
NPL |
| Modifying agency |
NPL |
| -- |
BDX |
| -- |
OCLCO |
| -- |
JQR |
| -- |
GK8 |
| -- |
OCLCF |
| -- |
IXA |
| -- |
FLQ |
| -- |
QQ3 |
| -- |
SAP |
| -- |
OCL |
| -- |
CGP |
| -- |
TXWAL |
| -- |
TG3 |
| -- |
LKC |
| -- |
OCLCO |
| -- |
W8A |
| -- |
UTP |
| -- |
OCLCO |
| -- |
UPM |
| -- |
PLS |
| -- |
OCLCO |
| -- |
TO5 |
| -- |
BKL |
| -- |
OCLCO |
| -- |
SFR |
| -- |
UtOrBLW |
| 041 1# - LANGUAGE CODE |
| Language code of text/sound track or separate title |
spa |
| Language code of original |
eng |
| 043 ## - GEOGRAPHIC AREA CODE |
| Geographic area code |
n-us--- |
| 050 14 - LIBRARY OF CONGRESS CALL NUMBER |
| Classification number |
TA157.5 |
| Item number |
.A2418 2018 |
| 092 ## - LOCALLY ASSIGNED DEWEY CALL NUMBER (OCLC) |
| Classification number |
SPANISH jB |
| Item number |
ACEV |
| 100 1# - MAIN ENTRY--PERSONAL NAME |
| Personal name |
Acevedo, Sylvia, |
| Relator term |
author. |
| 240 10 - UNIFORM TITLE |
| Uniform title |
<a href="Path to the stars.">Path to the stars.</a> |
| Language of a work |
Spanish. |
| 245 10 - TITLE STATEMENT |
| Title |
Camino a las estrellas : |
| Remainder of title |
mi recorrido de Girl Scout a ingeniera astronautica / |
| Statement of responsibility, etc. |
Sylvia Acevedo ; traduccion de Isabel C. Mendoza. |
| 260 ## - PUBLICATION, DISTRIBUTION, ETC. (IMPRINT) |
| Place of publication, distribution, etc. |
New York : |
| Name of publisher, distributor, etc. |
Clarion Books, Houghton Mifflin Harcourt, |
| Date of publication, distribution, etc. |
c2018. |
| 264 #1 - PRODUCTION, PUBLICATION, DISTRIBUTION, MANUFACTURE, AND COPYRIGHT NOTICE |
| Place of production, publication, distribution, manufacture |
Boston ; |
| -- |
New York : |
| Name of producer, publisher, distributor, manufacturer |
Clarion Books, Houghton Mifflin Harcourt, |
| Date of production, publication, distribution, manufacture, or copyright notice |
[2018] |
| 264 #4 - PRODUCTION, PUBLICATION, DISTRIBUTION, MANUFACTURE, AND COPYRIGHT NOTICE |
| Date of production, publication, distribution, manufacture, or copyright notice |
c2018. |
| 300 ## - PHYSICAL DESCRIPTION |
| Extent |
343 pages, 2 unnumbered pages of plates : |
| Other physical details |
illustrations ; |
| Dimensions |
21 cm. |
| 336 ## - CONTENT TYPE |
| Content type term |
text |
| Content type code |
txt |
| Source |
rdacontent. |
| 337 ## - MEDIA TYPE |
| Media type term |
unmediated |
| Media type code |
n |
| Source |
rdamedia. |
| 338 ## - CARRIER TYPE |
| Carrier type term |
volume |
| Carrier type code |
nc |
| Source |
rdacarrier. |
| 500 ## - GENERAL NOTE |
| General note |
Translation from the English of: Path to the stars. |
| 520 ## - SUMMARY, ETC. |
| Summary, etc. |
<br/>Sylvia Acevedo es actualmente la Directora Ejecutiva de Girl Scouts de Estados Unidos. Su inspiradora historia, contada con calidez y perspicacia, alienta a los lectores a soñar en grande y a convertir sus sueños en realidad. |
| 520 ## - SUMMARY, ETC. |
| Summary, etc. |
"The inspiring memoir for young readers about a Latina rocket scientist whose early life was transformed by joining the Girl Scouts and who currently serves as CEO of the Girl Scouts of the USA."--Provided by publisher. |
| 521 1# - TARGET AUDIENCE NOTE |
| Target audience note |
Age 10-12. |
| 521 2# - TARGET AUDIENCE NOTE |
| Target audience note |
Grade 4 to 6. |
| 526 0# - STUDY PROGRAM INFORMATION NOTE |
| Program name |
Accelerated Reader |
| Interest level |
MG |
| Reading level |
6.8 |
| Title point value |
10 |
| Public note |
196957. |
| 546 ## - LANGUAGE NOTE |
| Language note |
Text translated into Spanish. |
| 600 10 - SUBJECT ADDED ENTRY--PERSONAL NAME |
| Personal name |
Acevedo, Sylvia |
| Form subdivision |
Juvenile literature. |
| 600 14 - SUBJECT ADDED ENTRY--PERSONAL NAME |
| Personal name |
Acevedo, Sylvia |
| Form subdivision |
Literatura juvenil. |
| 600 11 - SUBJECT ADDED ENTRY--PERSONAL NAME |
| Personal name |
Acevedo, Sylvia. |
| 610 20 - SUBJECT ADDED ENTRY--CORPORATE NAME |
| Corporate name or jurisdiction name as entry element |
Girl Scouts of the United States of America |
| Form subdivision |
Biography |
| -- |
Juvenile literature. |
| 610 21 - SUBJECT ADDED ENTRY--CORPORATE NAME |
| Corporate name or jurisdiction name as entry element |
Girl Scouts of the United States of America. |
| 610 21 - SUBJECT ADDED ENTRY--CORPORATE NAME |
| Corporate name or jurisdiction name as entry element |
Girl Scouts of the United States of America |
| General subdivision |
Officials and employees. |
| 650 #0 - SUBJECT ADDED ENTRY--TOPICAL TERM |
| Topical term or geographic name as entry element |
Women engineers |
| Geographic subdivision |
United States |
| Form subdivision |
Biography |
| -- |
Juvenile literature. |
| 650 #0 - SUBJECT ADDED ENTRY--TOPICAL TERM |
| Topical term or geographic name as entry element |
Engineers |
| Geographic subdivision |
United States |
| Form subdivision |
Biography |
| -- |
Juvenile literature. |
| 650 #0 - SUBJECT ADDED ENTRY--TOPICAL TERM |
| Topical term or geographic name as entry element |
Hispanic American women |
| Form subdivision |
Biography |
| -- |
Juvenile literature. |
| 650 #0 - SUBJECT ADDED ENTRY--TOPICAL TERM |
| Topical term or geographic name as entry element |
Hispanic American scientists |
| Form subdivision |
Biography |
| -- |
Juvenile literature. |
| 650 #4 - SUBJECT ADDED ENTRY--TOPICAL TERM |
| Topical term or geographic name as entry element |
Girl Scouts |
| Form subdivision |
Biografia |
| -- |
Literatura juvenil. |
| 650 #4 - SUBJECT ADDED ENTRY--TOPICAL TERM |
| Topical term or geographic name as entry element |
Mujeres ingenieras |
| Geographic subdivision |
Estados Unidos |
| Form subdivision |
Biografia |
| -- |
Literatura juvenil. |
| 650 #4 - SUBJECT ADDED ENTRY--TOPICAL TERM |
| Topical term or geographic name as entry element |
Ingenieros |
| Geographic subdivision |
Estados Unidos |
| Form subdivision |
Biografia |
| -- |
Literatura juvenil. |
| 650 #4 - SUBJECT ADDED ENTRY--TOPICAL TERM |
| Topical term or geographic name as entry element |
Mujeres hispanoestadounidenses |
| Form subdivision |
Biografia |
| -- |
Literatura juvenil. |
| 650 #4 - SUBJECT ADDED ENTRY--TOPICAL TERM |
| Topical term or geographic name as entry element |
Cientificos hispanoamericanos |
| Form subdivision |
Biografia |
| -- |
Literatura juvenil. |
| 650 #1 - SUBJECT ADDED ENTRY--TOPICAL TERM |
| Topical term or geographic name as entry element |
Women engineers. |
| 650 #1 - SUBJECT ADDED ENTRY--TOPICAL TERM |
| Topical term or geographic name as entry element |
Engineers. |
| 650 #1 - SUBJECT ADDED ENTRY--TOPICAL TERM |
| Topical term or geographic name as entry element |
Hispanic American women. |
| 650 #1 - SUBJECT ADDED ENTRY--TOPICAL TERM |
| Topical term or geographic name as entry element |
Hispanic American scientists. |
| 650 #1 - SUBJECT ADDED ENTRY--TOPICAL TERM |
| Topical term or geographic name as entry element |
Women |
| Form subdivision |
Biography. |
| 655 #1 - INDEX TERM--GENRE/FORM |
| Genre/form data or focus term |
Spanish language materials. |
| 655 #7 - INDEX TERM--GENRE/FORM |
| Genre/form data or focus term |
Autobiographies. |
| Source of term |
lcgft. |
| 700 1# - ADDED ENTRY--PERSONAL NAME |
| Personal name |
Mendoza, Isabel C., |
| Relator term |
translator. |
| 942 ## - ADDED ENTRY ELEMENTS (KOHA) |
| Koha item type |
Libro/Book |